<?xml version="1.0" encoding="UTF-8"?><marc:collection xmlns:marc="http://www.loc.gov/MARC21/slim">
  <marc:record>
    <marc:leader>00000nam##2200000za#4500</marc:leader>
    <marc:controlfield tag="001">9.518677</marc:controlfield>
    <marc:controlfield tag="003">CaOODSP</marc:controlfield>
    <marc:controlfield tag="005">20200401092432</marc:controlfield>
    <marc:controlfield tag="007">ta</marc:controlfield>
    <marc:controlfield tag="008">150406|1991||||xxc|||||     f|0| 0 fre|d</marc:controlfield>
    <marc:datafield tag="020" ind1=" " ind2=" ">
      <marc:subfield code="a">0-660-56438-6</marc:subfield>
    </marc:datafield>
    <marc:datafield tag="022" ind1=" " ind2=" ">
      <marc:subfield code="a">0706-6481</marc:subfield>
    </marc:datafield>
    <marc:datafield tag="040" ind1=" " ind2=" ">
      <marc:subfield code="a">CaOODSP</marc:subfield>
      <marc:subfield code="b">fre</marc:subfield>
    </marc:datafield>
    <marc:datafield tag="041" ind1=" " ind2=" ">
      <marc:subfield code="a">eng</marc:subfield>
    </marc:datafield>
    <marc:datafield tag="041" ind1=" " ind2=" ">
      <marc:subfield code="a">fre</marc:subfield>
    </marc:datafield>
    <marc:datafield tag="043" ind1=" " ind2=" ">
      <marc:subfield code="a">n-cn---</marc:subfield>
    </marc:datafield>
    <marc:datafield tag="086" ind1="1" ind2=" ">
      <marc:subfield code="a">Fs41-31/113</marc:subfield>
    </marc:datafield>
    <marc:datafield tag="110" ind1="1" ind2=" ">
      <marc:subfield code="a">Canada. </marc:subfield>
      <marc:subfield code="b">Ministère des pêches et des océans.</marc:subfield>
    </marc:datafield>
    <marc:datafield tag="245" ind1="1" ind2="3">
      <marc:subfield code="a">Le Golfe du Saint-Laurent: petit océan ou grand estuaire? Compte rendu d'un atelier/symposium tenu à l'Institut Maurice-Lamontagne (Mont-Joli) du 14 au 17 mars 1989 / </marc:subfield>
      <marc:subfield code="c">Rédigé par Jean-Claude Therriault. </marc:subfield>
    </marc:datafield>
    <marc:datafield tag="260" ind1=" " ind2=" ">
      <marc:subfield code="a">Ottawa - Ontario : </marc:subfield>
      <marc:subfield code="b">Pêches et Océans Canada </marc:subfield>
      <marc:subfield code="c">1991.</marc:subfield>
    </marc:datafield>
    <marc:datafield tag="300" ind1=" " ind2=" ">
      <marc:subfield code="a">359p. : </marc:subfield>
      <marc:subfield code="b">graphiques, tableaux ; </marc:subfield>
      <marc:subfield code="c">28 cm.</marc:subfield>
    </marc:datafield>
    <marc:datafield tag="490" ind1="1" ind2=" ">
      <marc:subfield code="a">Publication spéciale canadienne des sciences halieutiques et aquatiques</marc:subfield>
      <marc:subfield code="x">0706-6481</marc:subfield>
      <marc:subfield code="v">113</marc:subfield>
    </marc:datafield>
    <marc:datafield tag="504" ind1=" " ind2=" ">
      <marc:subfield code="a">Bibliographie.</marc:subfield>
    </marc:datafield>
    <marc:datafield tag="520" ind1="3" ind2=" ">
      <marc:subfield code="a">"Compte rendu d'un atelier-symposium tenu à l'Institut Maurice-Lamontagne à Mont-Joli, du 14 au 17 mars 1989". Publication spéciale canadienne des sciences halieutiques et aquatiques no 113. Cette publication fait le compte rendu des rapports d'atelier, des revues et des articles scientifiques qui ont été présentés lors du symposium. Les objectifs de cette rencontre étaient les suivants : 1. établir l'état actuel des connaissances en sciences des pêches, en océanographie (physique, chimique, biologique et géologique) et en hydrographie dans le golfe du Saint-Laurent; 2. promouvoir l'échange d'information entre ces disciplines; 3. faire des recommandations pour l'orientation future de la recherche en océanographie et en pêcherie. L'introduction et les rapports des ateliers sont bilingues, tandis que les contributions et revues scientifiques sont dans la langue de leurs auteurs, avec un résumé bilingue pour chacune (15 revues en anglais, 7 en français).</marc:subfield>
    </marc:datafield>
    <marc:datafield tag="546" ind1=" " ind2=" ">
      <marc:subfield code="a">Abstracts in English.) Texte en anglais ou en français, avec résumés dans l'autre langue</marc:subfield>
    </marc:datafield>
    <marc:datafield tag="563" ind1=" " ind2=" ">
      <marc:subfield code="a">Couverture souple</marc:subfield>
    </marc:datafield>
    <marc:datafield tag="590" ind1=" " ind2=" ">
      <marc:subfield code="a">91-19</marc:subfield>
      <marc:subfield code="b">1991-05-10</marc:subfield>
    </marc:datafield>
    <marc:datafield tag="691" ind1="0" ind2="7">
      <marc:subfield code="a">Océanographie</marc:subfield>
      <marc:subfield code="2">gcpds</marc:subfield>
    </marc:datafield>
    <marc:datafield tag="691" ind1="0" ind2="7">
      <marc:subfield code="a">Pêcheries</marc:subfield>
      <marc:subfield code="2">gcpds</marc:subfield>
    </marc:datafield>
    <marc:datafield tag="720" ind1="1" ind2=" ">
      <marc:subfield code="a">Therriault, Jean-Claude</marc:subfield>
    </marc:datafield>
    <marc:datafield tag="776" ind1="0" ind2="#">
      <marc:subfield code="t">Le golfe du Saint-Laurent </marc:subfield>
      <marc:subfield code="w">(CaOODSP)9.816650</marc:subfield>
    </marc:datafield>
    <marc:datafield tag="791" ind1=" " ind2=" ">
      <marc:subfield code="t">The Gulf of St. Lawrence: small ocean or big estuary? Proceedings of a workshop/symposium held at the Maurice Lamontagne Institute, Mont-Joli, Quebec, 14-17 March, 1989 / </marc:subfield>
      <marc:subfield code="e">eng</marc:subfield>
      <marc:subfield code="w">(CaOODSP)9.518676</marc:subfield>
    </marc:datafield>
    <marc:datafield tag="830" ind1="#" ind2="0">
      <marc:subfield code="a">Publication spéciale canadienne des sciences halieutiques et aquatiques,</marc:subfield>
      <marc:subfield code="x">0706-6481</marc:subfield>
      <marc:subfield code="v">113</marc:subfield>
      <marc:subfield code="w">(CaOODSP)9.509337</marc:subfield>
    </marc:datafield>
  </marc:record>
</marc:collection>
